Statistics for Slovakia Trivia

Click here to take the quiz!

General Stats

  • This quiz has been taken 120 times
  • The average score is 9 of 15

Answer Stats

QA% Correct
Slovakia's capitalBratislava
100%
It's Official LanguageSlovak
99%
Present Day CurrencyEuro
97%
The Slovak word "Ďakujem" means what?Thank You
88%
Closest Capital City from BratislavaVienna
85%
Name of old country, which is present day SlovakiaCzechoslovakia
80%
Name of river that runs through SlovakiaDanube
79%
Number of BordersFive
75%
Highest Point in SlovakiaGerlachovsky Stit
62%
Has more of these per capita than any other countryCastles
40%
Town home to the tallest altar in the worldLevoča
33%
Former CurrencySlovak Koruna
29%
Slovakia is two times the size of this U.S StateMaryland
14%
When you walk into a Slovak home, you do this.Take off your shoes
12%
Mountain range that runs between Slovakia and PolandTatra Mountains
11%

Score Distribution

Percentile by Number Answered

Percent of People with Each Score

Your Score History

You have not taken this quiz